000 00758 am a22002897a 4500
999 _c1236
_d1236
001 011930918
003 Uk
005 20230104094745.0
008 950310r19941913enka j| 000 1|eng
010 _a87061917
015 _aGB9527500
_2bnb
020 _a 9780140366822
039 0 _a2332
040 _aUk
_cUk
_dKH8
082 0 4 _a813.52 POR
_220
100 1 _aPorter, Eleanor H.
_q(Eleanor Hodgman),
_d1868-1920.
_eAuthor
245 1 0 _aPollyanna.
260 _aLondon :
_bPuffin,
_c2003
300 _a269p.
336 _atext
_2rdacontent
337 _aunmediated
_2rdamedia
338 _avolume
_2rdacarrier
490 _aPuffin Classics
653 1 _aEnglish fiction
_aChildren's stories
700 1 _aReed, Neil.
_eIllustrator
942 _2ddc
_cFIC